01185nam a22003017a 4500001001000000003000900010005001700019007000300036008003400039040005400073041001000127072002000137090001900157100002400176110013200200245016500332260004200497300001000539500005500549650001100604650001400615650002500629650001700654909003600671942000700707999001700714952015200731BR0303286BR-BrBNA20230928101321.0ta230509b bl.||||| |||| 00| 0 por d aBR-BrBNAbporcBiblioteca Nacional de Agricultura a(Por) aL72b5212b4030  5212 BR03032861 aDelgado, F.E. da F.1 aUniversidade Federal de Minas Gerais, Belo Horizonte (Brasil). Escola de Veterinária0Tese (Mestre em Medicina Veterinária)1 aAvaliação do controle estratégico do Boophilus microplus (Canestrini, 1887), pelo programa Babsim, em propriedades dos Campos das Vertentes e Sul de Minas3 aBelo Horizonte, MG (Brasil): c2002.  a29 p. aSummaries (Eng, Por); 45 ref.; 14 tables; 6 illus. aBOVINO aCARRAPATO aCONTROLE BIOLÓGICO aMINAS GERAIS a202309bLuciac55dLucia Elande cBK c65229d65229 002AGRIS40708AGROBASEa41918b41918l0o 5212 BR0303286p5212 BR0303286r2023-09-25t01yBK10d2023-09-25ePortaria Interministerial nº 164/94